Подробности
| 000 -МАРКЕР |
| контрольное поле |
01732nam0a2200325 4500 |
| 001 - ИДЕНТИФИКАТОР ЗАПИСИ |
| контрольное поле |
RU\NLR\bibl\4988 |
| 005 - ИДЕНТИФИКАТОР ВЕРСИИ |
| контрольное поле |
20260407000527.0 |
| 010 ## - МЕЖДУНАРОДНЫЙ СТАНДАРТНЫЙ НОМЕР КНИГИ (ISBN) |
| Номер (ISBN) |
5-88709-89-8 |
| Тираж |
10000 |
| 021 ## - НОМЕР ГОСУДАРСТВЕННОЙ РЕГИСТРАЦИИ |
| Код страны |
российская федерация |
| Номер |
98-5316 |
| Номер Листа государственной регистраци |
255 |
| 035 ## - ДРУГИЕ СИСТЕМНЫЕ НОМЕРА |
| Идентификатор записи |
(NLR Aleph) 000004846 |
| 100 ## - ДАННЫЕ ОБЩЕЙ ОБРАБОТКИ |
| Данные общей обработки |
19980817d1997 |||y0rusy50 ca |
| 101 0# - ЯЗЫК РЕСУРСА |
| Язык текста, звукозаписи и т.д. |
русский |
| 102 ## - СТРАНА ПУБЛИКАЦИИ ИЛИ ПРОИЗВОДСТВА |
| Страна публикации |
российская федерация |
| 105 ## - ПОЛЕ КОДИРОВАННЫХ ДАННЫХ: ТЕКСТОВЫЕ МАТЕРИАЛЫ, МОНОГРАФИЧЕСКИЕ |
| Кодированные данные о монографическом текстовом документе |
||||||||||||| |
| 200 1# - ЗАГЛАВИЕ И СВЕДЕНИЯ ОБ ОТВЕТСТВЕННОСТИ |
| Основное заглавие |
Экология Ханты-Мансийского автономного округа |
| Первые сведения об ответственности |
Агафонов Л.И., Богданов В.Д., Богданова Е.Н. и др. |
| Последующие сведения об ответственности |
Сост. Л.Н. Добринский, В.В. Плотников |
| -- |
Под ред. В.В. Плотникова |
| -- |
Экол. фонд Ханты-Манс. авт. округа |
| 210 ## - ПУБЛИКАЦИЯ, РАСПРОСТРАНЕНИЕ И ДР. |
| Место издания, распространения и т.д. |
Тюмень |
| Имя издателя, распространителя и т. д. |
СофтДизайн |
| Дата издания, распространения и т.д. |
1997 |
| 215 ## - ФИЗИЧЕСКАЯ ХАРАКТЕРИСТИКА |
| Специфическое обозначение материала и объем |
286 с., [8] л. цв. ил. |
| Другие сведения о физической характеристике |
ил., карт. |
| Размеры |
27 |
| 320 ## - ПРИМЕЧАНИЯ О НАЛИЧИИ В ДОКУМЕНТЕ БИБЛИОГРАФИИ / УКАЗАТЕЛЯ |
| Текст примечания |
Библиогр. в конце гл. |
| 606 0# - НАИМЕНОВАНИЕ ТЕМЫ КАК ПРЕДМЕТ |
| Наименование темы |
Экология |
| Географический подзаголовок |
Ханты-Мансийский автономный округ-Югра |
| Системный номер авторитетной/нормативной записи |
2080959 |
| Идентификатор авторитетной/нормативной записи |
RU\NLR\auth\661256912 |
| 686 ## - ИНДЕКСЫ ДРУГИХ КЛАССИФИКАЦИЙ |
| Индекс |
Е081(2Р53-4Тю-6Х) |
| 701 #1 - ИМЯ ЛИЦА - АЛЬТЕРНАТИВНАЯ ОТВЕТСТВЕННОСТЬ |
| Код отношения |
Автор |
| Материалы, к которым относится поле |
rus |
| Графика поля |
Кириллица |
| Начальный элемент ввода |
Агафонов |
| Часть имени, кроме начального элемента ввода |
Л. И. |
| Расширение инициалов личного имени |
Леонид Иванович |
| Идентификатор авторитетной/нормативной записи |
RU\NLR\auth\776651 |
| Системный номер авторитетной/нормативной записи |
116600 |
| 702 #1 - ИМЯ ЛИЦА - ВТОРИЧНАЯ ОТВЕТСТВЕННОСТЬ |
| Код отношения |
Составитель |
| Материалы, к которым относится поле |
rus |
| Графика поля |
Кириллица |
| Начальный элемент ввода |
Добринский |
| Часть имени, кроме начального элемента ввода |
Л. Н. |
| Даты |
1928-2006 |
| Расширение инициалов личного имени |
Лев Николаевич |
| Идентификатор авторитетной/нормативной записи |
RU\NLR\auth\776653 |
| Системный номер авторитетной/нормативной записи |
116602 |
| 702 #1 - ИМЯ ЛИЦА - ВТОРИЧНАЯ ОТВЕТСТВЕННОСТЬ |
| Код отношения |
Редактор |
| Материалы, к которым относится поле |
rus |
| Графика поля |
Кириллица |
| Начальный элемент ввода |
Плотников |
| Часть имени, кроме начального элемента ввода |
В. А. |
| Расширение инициалов личного имени |
Владимир Васильевич |
| Идентификатор авторитетной/нормативной записи |
RU\NLR\auth\776648 |
| Системный номер авторитетной/нормативной записи |
116597 |
| 712 02 - НАИМЕНОВАНИЕ ОРГАНИЗАЦИИ - ВТОРИЧНАЯ ОТВЕТСТВЕННОСТЬ |
| Код отношения |
Заказчик, капиталовкладчик |
| Начальный элемент ввода |
Экологический фонд Ханты-Мансийского автономного округа |
| Идентификатор авторитетной/нормативной записи |
RU\NLR\AUTH\889990603 |
| Системный номер авторитетной/нормативной записи |
476923 |
| 801 #0 - ИСТОЧНИК ЗАПИСИ |
| Страна |
российская федерация |
| Организация |
NLR |
| Дата составления |
19980817 |
| Правила каталогизации |
PSBO |
| 801 #1 - ИСТОЧНИК ЗАПИСИ |
| Страна |
российская федерация |
| Организация |
NLR |
| Дата составления |
19980817 |
| 852 ## - МЕСТОНАХОЖДЕНИЕ И ШИФР ХРАНЕНИЯ |
| Идентификатор организации |
NLR |
| Шифр хранения (Call Number) |
98-7/253 |
| 942 ## - ДОПОЛНИТЕЛЬНЫЕ ЭЛЕМЕНТЫ ЗАПИСИ (АБИС) |
| Тип экземпляра АБИС |
Книга |
| 980 ## - КОЛЛЕКЦИЯ |
| Название коллекции |
Национальная библиография |